000 01327nab a2200241 i 4500
001 BPP
003 BPK
005 20191005121919.0
008 151208s2012 pl | | |000 ||eng
040 _cBPK
041 _aeng
044 _aPOL
080 _a543.42
100 _aPatryn, Aleksy
_eAutor
_d1996 - .
_bPolitechnika Koszalińska - Wydział Elektroniki i Informatyki,
_cKatedra Podstaw Elektroniki
245 _aElectric and magnetic properties of nickel and nickel-plladium nanowires deposited in anodic aluminum oxide template /
_cVadim Bayev, Julia Fedotova, Aleksei Maximenko, Eugenij Streltsov, Mikolai Malashchonak, Igor Azarko, Alexander Fedotov, Ivan Svito, Aleksy Paryn, Pavel Apel, Serguey Tyutyunnikov, Momir Milosavljević.
260 _c2012.
500 _aDane z autopsji.
520 _aW artykule opisano strukturę, właściwości elektryczne i magnetyczne uporządkowanych Ni NI-Pd nanostruktur syntezowanych metodą elektronicznego nanoszenia w porowatej matryce z utlenionego aluminium anodu. Matryca została wypełniona Ni lub Ni-Pd mieszanką z wykorzystaniem prądu zmiennego.
650 0 _aAluminium.
650 _aPrądy zmienne.
773 _iW :
_tZeszyty Naukowe Wydziału Elektroniki i Informatyki Politechniki Koszalińskiej. -
_g2012, nr 4, s. 43-53
942 _cART
_2UKD
999 _c6935
_d6935